MARC

LEADER 00000nam0a2200000 4500
001 32568
005 20231030204932.0
010 |a 5244004875 
035 |a (RuTPU)RU\TPU\book\32867 
035 |a BOOK00000073 
090 |a 32568 
100 |a 20011210d1993 m y0rusy50 ca 
101 0 |a rus 
102 |a RU 
105 |a а z 000zy 
200 1 |a Озоновые дыры  |e мифы и реальность  |f Ю. Г. Мизун 
210 |a Москва  |c Мысль  |d 1993 
215 |a 287 с.  |c граф 
610 1 |a геология 
610 1 |a озон 
610 1 |a озоновый слой 
610 1 |a дыры 
610 1 |a экология 
610 1 |a атмосфера 
610 1 |a стратосфера 
675 |a 551.510.534  |v 3 
700 1 |a Мизун  |b Ю. Г.  |g Юрий Гаврилович 
801 0 |a RU  |b 63413507  |c 20011210  |g PSBO 
801 2 |a RU  |b 63413507  |c 20170113  |g PSBO 
942 |c BK